| 000 | 00544nam a2200181Ia 4500 | ||
|---|---|---|---|
| 008 | 151018s9999 xx 000 0 und d | ||
| 082 |
_bRBASDV60678 _a891.463 |
||
| 100 | _aसुमन क्षेत्रमाडे | ||
| 245 | _aआधार | ||
| 250 | _b1 | ||
| 260 |
_bविमल प्रकाशन _c2011 |
||
| 300 | _a252 | ||
| 600 | _aसुमन क्षेत्रमाडे | ||
| 630 | _aआधार | ||
| 700 | _aसुमन क्षेत्रमाडे | ||
| 730 | _aआधार | ||
| 942 | _cBOOK | ||
| 999 |
_c1054182 _d1054179 |
||